000 00243nam a22000857a 4500
008 161228b xxu||||| |||| 00| 0 eng d
100 _92203
_aKandhri.M.M
245 _aAbc Of Eviromental Studies-2
260 _aNew Delhi
_bHoly Faith Intrenational
_c2010
999 _c5091
_d5091